CURSO SUPERIOR DE ECONOMIA/

TRADUCCION DE: ECONOMICS: A GENERAL TEXTBOOK FOR STUDENTS

-д хадгалсан:
Номзүйн дэлгэрэнгүй
Үндсэн зохиолч: Benham, Frederic (autor)
Формат: Ном
Хэвлэл:4a edición
Нөхцлүүд:
Шошгууд: Шошго нэмэх
Шошго байхгүй, Энэхүү баримтыг шошголох эхний хүн болох!

MARC

LEADER 00000nam^a2200000^a^4500
001 000225432
005 20250521000000.0
009 20260310104127.761
035 |a 021946 
037 |a Acervo Xavier Clavigero 
082 |a 330.  |b BEN 
100 |a Benham, Frederic  |e (autor) 
245 1 0 |a CURSO SUPERIOR DE ECONOMIA/  |c FREDERIC BENHAM; TR. VICTOR L. URQUIDI 
250 |a 4a edición 
264 |a MEXICO :  |b FONDO DE CULTURA ECONOMICA,  |c 1951 
300 |a 476p. 
336 |a texto  |b txt  |2 rdacontenido 
337 |a sin mediación  |b n  |2 rdamedio 
338 |a volumen  |b nc  |2 rdasoporte 
520 |a TRADUCCION DE: ECONOMICS: A GENERAL TEXTBOOK FOR STUDENTS 
520 |a INDICE 
649 |a XX 
650 |a Economía 
910 |a Fondo General 
920 |a Impresos - Libros 
930 |a Colección General 
905 |a 101 
901 |a 021946  |b IT1  |c ACC  |i 021946  |u 20250521 
902 |a https://opac.biblio.iteso.mx/vufind/Record/000225432